| 000 | 00526nam a2200169 a 4500 | ||
|---|---|---|---|
| 005 | 20140412111247.0 | ||
| 008 | 030331s19uu xx 00 eng d | ||
| 020 | _a1-878624-37-7 | ||
| 050 |
_aER _bFi44 1992 |
||
| 100 | _aDubowski, Cathy East | ||
| 245 |
_aFire engine to the rescue / _cby Cathy East Duboswki ; picutres by Shirley Beckes. |
||
| 260 |
_aNew York : _bMcClanahan Book Company, Inc, _c1992. |
||
| 300 | _a1 v. (unp.) ; ill. | ||
| 650 | _aFire trucks--Fiction | ||
| 650 | _aFireman--Fiction | ||
| 999 |
_c102966 _d102966 |
||